| 000 | 00659nam a2200253Ia 4500 | ||
|---|---|---|---|
| 001 | dia_3981 | ||
| 003 | CHAP | ||
| 005 | 20230529123807.0 | ||
| 007 | ta | ||
| 008 | 220117s1966 mx f 000 0 spa d | ||
| 010 | _a174593 | ||
| 040 |
_cCHAP _amxchpua |
||
| 090 | _aFOLLETO 2522 | ||
| 100 | 1 |
_aReyes Ponce, Agustín _996950 |
|
| 245 | 1 | 3 |
_aEl análisis de puestos / _cAgustín Reyes Ponce |
| 260 |
_aMéxico : _bLIMUSA, _c1966 |
||
| 300 | _a94 páginas | ||
| 500 | _aC/e | ||
| 650 | 1 | 3 |
_aAdministración _9918 |
| 901 | _aFOLLETO 2522 | ||
| 902 | _aM | ||
| 905 | _a0000001966 mx 0000000000spa00 | ||
| 942 |
_cFOLL _2local |
||
| 999 |
_c174593 _d174593 |
||